Pla de ciutadania i convivència de la comarca de l'Anoia : Consell Comarcal de l'Anoia octubre 2012 Consell Comarcal de l'Anoia octubre 2012
Publicado:
Barcelona :
Diputació de Barcelona. Servei de Polítiques de Diversitat i Ciutadania Consell Comarcal de l'Anoia ,
2013
Descripción Física:
86 pàgines : il·lustracions ; 30 cm
Materias:
Integració social -- Anoia (Catalunya)
; Immigrants -- Anoia (Catalunya)
; Immigrants -- Anoia (Catalunya) -- Estadístiques
Idioma:
Catalán
MARC
| LEADER | 00000nam a22000007a 4500 | ||
|---|---|---|---|
| 001 | 26077 | ||
| 008 | 220628b spa||||| |||| 00| 0 cat d | ||
| 080 | |a Bib-717 | ||
| 245 | |a Pla de ciutadania i convivència de la comarca de l'Anoia : |b Consell Comarcal de l'Anoia octubre 2012 | ||
| 260 | |a Barcelona : |b Diputació de Barcelona. Servei de Polítiques de Diversitat i Ciutadania |b Consell Comarcal de l'Anoia, |c 2013 | ||
| 300 | |a 86 pàgines : |b il·lustracions ; |c 30 cm | ||
| 650 | 0 | |9 53633 |a Integració social |z Anoia (Catalunya) | |
| 650 | 0 | |9 53634 |a Immigrants |z Anoia (Catalunya) | |
| 650 | 0 | |9 53635 |a Immigrants |z Anoia (Catalunya) |x Estadístiques | |
| 710 | 1 | |a Barcelona (Catalunya : Província). |b Servei de Polítiques de Diversitat i Ciutadania |9 52870 | |
| 710 | 1 | |a Anoia (Catalunya). |b Consell Comarcal |9 51340 | |
| 942 | |2 udc |c ARXIU |n 1 | ||
| 952 | |0 0 |1 0 |4 0 |6 BIB717 |7 1 |9 62558 |a Arxiu |b Arxiu |d 2022-06-28 |l 0 |o Bib-717 |p 26077 |r 2022-06-28 00:00:00 |w 2022-06-28 |y ARXIU | ||
| 999 | |c 82157 |d 82157 | ||